Citarse con Cervantes tradición y memoria en Muñoz Molina /

Elmentve itt :
Bibliográfiai részletek
Szerző: Albiac Blanco María-Dolores
Dokumentumtípus: Könyv része
Megjelent: 2001
Sorozat:Ész, élet, egzisztencia
Cervantes y la narrativa moderna : Coloquio internacional, Debrecen, 19-20 de octubre de 2000
Kulcsszavak:Miguel de Cervantes Saavedra, Spanyol irodalom - regény - 17. sz., Spanyol irodalom története - hatása, Irodalomesztétika
Tárgyszavak:
Online Access:http://acta.bibl.u-szeged.hu/9543
LEADER 00932naa a2200217 i 4500
001 acta9543
005 20211215123225.0
008 161015s2001 hu o 0|| spa d
022 |a 0866-028X 
040 |a SZTE Egyetemi Kiadványok Repozitórium  |b hun 
041 |a spa 
100 2 |a Albiac Blanco María-Dolores 
245 1 0 |a Citarse con Cervantes   |h [elektronikus dokumentum] :  |b tradición y memoria en Muñoz Molina /  |c  Albiac Blanco María-Dolores 
260 |c 2001 
300 |a 128-145 
490 0 |a Ész, élet, egzisztencia 
490 0 |a Cervantes y la narrativa moderna : Coloquio internacional, Debrecen, 19-20 de octubre de 2000 
650 4 |a Bölcsészettudományok 
650 4 |a Nyelvek és irodalom 
695 |a Miguel de Cervantes Saavedra, Spanyol irodalom - regény - 17. sz., Spanyol irodalom története - hatása, Irodalomesztétika 
856 4 0 |u http://acta.bibl.u-szeged.hu/9543/1/esz_008_128-145.pdf  |z Dokumentum-elérés